Adèle - Toutes les chansons - Statistiques

Statistiques générales
  • Ce quiz a été pris 713 fois
    382 depuis la dernière actualisation
  • Le résultat moyen est 16 sur 47
Statistiques - réponses
Hint Réponse % Correct
25 1 Hello
89%
21 11 Someone like You
83%
21 1 Rolling in the Deep
80%
Singles 2014 Skyfall
78%
21 5 Set Fire to the Rain
70%
30 2 Easy On Me
64%
19 12 Hometown Glory
58%
25 8 Love in the Dark
57%
25 4 When We Were Young
57%
19 2 Chasing Pavements
52%
25 10 All I Ask
48%
21 3 Turning Tables
47%
25 2 Send My Love
44%
25 6 Water Under the Bridge
43%
30 7 I Drink Wine
40%
21 2 Rumour Has It
38%
30 5 Oh My God
37%
19 5 Make You Feel My Love
32%
25 9 Million Years Ago
31%
30 3 My Little Love
30%
21 4 Don't You Remember
29%
19 1 Daydreamer
27%
30 10 Hold On
26%
21 9 One and Only
26%
25 7 River Lea
26%
25 5 Remedy
25%
30 11 To Be Loved
25%
30 12 Love is a Game
24%
21 10 Lovesong
24%
30 1 Strangers by Nature
24%
30 6 Can I Get It
22%
25 3 I Miss You
21%
30 8 All Night Parking
20%
30 9 Woman Like Me
20%
21 6 He Won't Go
19%
25 11 Sweetest Devotion
19%
21 7 Take It All
19%
30 4 Cry Your Heart Out
18%
21 8 I'll Be Waiting
18%
19 8 Cold Shoulder
15%
19 3 Crazy for You
14%
19 4 First Love
13%
19 7 Best for Last
11%
19 9 Melt My Heart to Stone
11%
19 11 My Same
11%
19 10 Right as Rain
11%
19 6 Tired
11%
Aucun quiz correspondant
Distribution des résultats
% des personnes avec chaque résultat
Percentile par nombre de réponses
Votre historique - résultats
Vous n’avez pas pris ce quiz depuis la dernière actualisation